00377nam a2200109Ia 4500008004100000082001600041100002000057245005800077942001200135999001900147952010100166210430s9999 xx 000 0 und d a543 S6287 P aDouglas A Skoog aPrinciples of Instrumental Analysis cDouglas A Skoog cBK2ddc c565968d565968 00104070aSCMEbSCMEcCARTd0000-00-00l0o543 S6287 PpSCME- D209r2021-04-30w2021-04-30yBK